000 00656nam a2200229Ia 4500
003 OSt
005 20220923225718.0
006 a|||||r|||| 00| 0
007 ta
008 Pun
024 _a273,887
037 _cTextual
040 _aARTS
_cARTS
_bPun
041 _2Pun
_aPun
082 _aO153:g, M8
100 _aਰਵੀ, ਰਵਿੰਦਰ ਸਿੰਘ, ਥਦ.
245 0 _aਪ੍ਰਗਤੀਵਾਦ ਤੇ ਪੰਜਾਬੀ ਸਾਹਿਤ
260 _c1988
650 _aਪੰਜਾਬੀ ਸਾਹਿਤ
942 _hO153:g, M8
_cTEXL
_2CC
999 _c379933
_d379933